• 首页
  • 本馆介绍
  • 公告通知
  • 最新文献
  • 馆藏检索
  • 电子资源
  • 读者荐购
  • 参考咨询
  • CALIS
  • 我的图书馆
  • 登录
  • 详细信息显示
  • 放入我的书架
  • 预约/预借图书
  • 作者相关作品
  • 分类相关作品
  • 丛书相关作品
  • 出版社相关作品

书目信息

  • 表格格式
  • 工作单格式
  • 卡片格式
题名:
建筑结构
    
 
作者: 龚伟 主编
分册:  
出版信息: 北京   高等教育出版社  1994.06
页数: 429页
开本: 16开
丛书名:
单 册:
中图分类:
科图分类:
主题词:
电子资源:
ISBN: 7-04-004805-1
 
 
 
 
 
000 00516nam0 2200193 45
001 9912111019
005 19991211105651.3
010    @a7-04-004805-1@d22.10元
100    @a19991211d1994 km y0chiy0120 ea
101    @achi
105    @a z 000yy
200 1  @a建筑结构@AJian Zhu Jie Gou@f龚伟主编@FGong Wei Zhu Bian
210    @a北京@c高等教育出版社@d1994.06
215    @a429页@d16开
690    @v3
690    @aTU3-43
701    @a龚伟@4主编
801    @aCN@bPFTUser@c19991211
905    @f2@b46912-913@dTU3-43@eG.125
    
    建筑结构/龚伟主编.-北京:高等教育出版社,1994.06
    429页;16开
    
    
    ISBN 7-04-004805-1:22.10元
    
●
相关链接 在E读中查询图书 在当当中查询图书 在豆瓣中查询图书


正题名:建筑结构     索取号:TU3-43/G.125         预约/预借

序号 登录号 条形码 馆藏地/架位号 状态 备注
1 46912   200469126   建筑库101/101建筑库 75排3列3层/ [索取号:TU3-43/G.125] 在馆    
2 46913   200469135   建筑库101/101建筑库 75排3列3层/ [索取号:TU3-43/G.125] 在馆    
河南城建学院图书馆 欢迎您!
大连网信软件有限公司© 版权所有